| 000 | 00952 a2200253 4500 | ||
|---|---|---|---|
| 003 | Nust | ||
| 005 | 20221019143352.0 | ||
| 010 | _a 98015676 | ||
| 020 | _a0138690170 | ||
| 040 | _cNust | ||
| 082 | 0 | 0 | _a005.8,STA |
| 100 | 1 | _aStallings, William. | |
| 245 | 1 | 0 |
_aCryptography and network security : _bprinciples and practice / _cWilliam Stallings. |
| 250 | _a2nd ed. | ||
| 260 |
_aUpper Saddle River, N.J. : _bPrentice Hall, _cc1999. |
||
| 300 |
_axvii, 569 p. : _bill. ; _c24 cm. |
||
| 505 | _aPart-1: Conventional Encryption (Page-19), Part-2: Public-Key Encryption and Hash Function (Page-161), Part-3: network Security Practice (Page-321), Part-4: System Security (Page-475). | ||
| 650 | 0 |
_aCoding theory. _93106 |
|
| 650 | 0 |
_aComputer networks _xSecurity measures. _9466 |
|
| 650 | 0 |
_aComputer security. _9570 |
|
| 650 | 0 |
_aData encryption (Computer science) _929166 |
|
| 700 | 1 |
_aStallings, William. _9100827 |
|
| 942 |
_2ddc _cBK _k005.8,STA |
||
| 999 |
_c187519 _d187519 |
||